000 00468nam a2200193Ia 4500
005 20240823054054.0
008 240823s9999||||xx |||||||||||||| ||und||
041 _aENGLISH
082 _A620.11 N4
100 _aKhanna O P
245 0 _aMaterial Science and Metallurgy
250 _a1st
260 _c1994
_b"Dhanpat rai,Delhi"
500 _aYES
650 _aMaterials Science
_bAeronautical Engineering
700 _a Lal M
942 _cBK
999 _c225611
_d225611